000 00635nam a2200229Ia 4500
003 OSt
005 20220923214228.0
006 a|||||r|||| 00| 0
007 ta
008 220922b |||||||| |||| 00| 0 hin d
024 _a168,054
037 _cTextual
040 _aARTS
_cARTS
_bhin
041 _2hin
_ahin
082 _aO152;1I00:9, H6
100 _aभटनागर, रामरतन
245 0 _aकबीर एक अध्ययन
246 _aKabīr ek adhyayana
260 _c1946
942 _hO152;1I00:9, H6
_cTEXL
_2CC
999 _c322524
_d322524